| 000 | 00480nam a2200157 i 4500 | ||
|---|---|---|---|
| 001 | 22520 | ||
| 003 | ES-MaACL | ||
| 005 | 20230906152718.0 | ||
| 007 | t| | ||
| 008 | 021203s1965 sp ||||1| spa d | ||
| 100 | 1 |
_aAlvarez López, José. _920859 |
|
| 245 | 1 | 0 |
_aAnálisis e interpretación de balances / _cJosé Alvarez López. |
| 260 |
_a[Zaragoza : _bs.n., _c1965] ( _fGráf. San Francisco) |
||
| 300 |
_aVIII, 332 p. : _bil. ; _c21 cm. |
||
| 852 |
_aES-MaACL _jC-28122 _bR.57438 |
||
| 999 |
_c22520 _d22520 |
||